00713 2200241 4500001002100000005001500021035002000036007000300056008004100059100002000100245013000120300002300250020002200273082001100295084001800306090002100324260004400345700002400389850001000413250001300423600001100436990002400447INLIS00000000000321820260528125650 a0010-0421000041ta260528 0 0 aFransisca Lenny1 aPiece of Heaven :bMata melihat dengan batasan tapi hati melihat dengan menembus batas /cFransisca Lenny;editor, Clara Mitak aviii, 344 ;c15 cm a978-623-7122-10-4 a800.83 a800.83 FRA p a428 JUL h L10-R4 a--Yogyakarta :bSheila Publisher,c20190 aeditor, Clara Mitak aPUPAD aEd.--1-- 4aBahasa a33.935/DAK/DPK/2019